Smrť v Bostone (Record no. 20883)
[ view plain ]
| 000 -LEADER | |
|---|---|
| fixed length control field | 00781nam a2200277 a 4500 |
| 001 - CONTROL NUMBER | |
| control field | 20883 |
| 003 - CONTROL NUMBER IDENTIFIER | |
| control field | VRT |
| 005 - DATE AND TIME OF LATEST TRANSACTION | |
| control field | 20260206123550.0 |
| 008 - FIXED-LENGTH DATA ELEMENTS--GENERAL INFORMATION | |
| fixed length control field | 090628e1981 xo g slo c |
| 035 ## - SYSTEM CONTROL NUMBER | |
| System control number | TNKK104770 |
| 040 ## - CATALOGING SOURCE | |
| Original cataloging agency | TTKJF |
| Language of cataloging | slo |
| Transcribing agency | TTKJF |
| Description conventions | AACR2 |
| 041 1# - LANGUAGE CODE | |
| Language code of text/sound track or separate title | slo |
| Language code of original | cze |
| 044 ## - COUNTRY OF PUBLISHING/PRODUCING ENTITY CODE | |
| MARC country code | xo |
| ISO country code | SK |
| 100 1# - MAIN ENTRY--PERSONAL NAME | |
| Personal name | Vácha, Stanislav |
| 245 10 - TITLE STATEMENT | |
| Title | Smrť v Bostone |
| Statement of responsibility, etc. | Stanislav Vácha ; [z čes. orig. prel. Zemka Jaurová] |
| 250 ## - EDITION STATEMENT | |
| Edition statement | 1. vyd. |
| 260 ## - PUBLICATION, DISTRIBUTION, ETC. | |
| Place of publication, distribution, etc. | Bratislava |
| Name of publisher, distributor, etc. | Pravda |
| Date of publication, distribution, etc. | 1981 |
| 300 ## - PHYSICAL DESCRIPTION | |
| Extent | 301 s. |
| Dimensions | 21 cm |
| 490 1# - SERIES STATEMENT | |
| Series statement | Členská knižnica Pravda |
| 653 1# - INDEX TERM--UNCONTROLLED | |
| Uncontrolled term | romány spoločenské české |
| 700 1# - ADDED ENTRY--PERSONAL NAME | |
| Personal name | Jaurová, Zemka |
| Relationship | trl |
| 830 #0 - SERIES ADDED ENTRY--UNIFORM TITLE | |
| Uniform title | Členská knižnica Pravda |
| 910 ## - USER-OPTION DATA (OCLC) | |
| User-option data | ttkjf |
| 942 ## - ADDED ENTRY ELEMENTS (KOHA) | |
| Source of classification or shelving scheme | Dewey Decimal Classification |
| Koha item type | Krásna literatúra pre dospelých |
| Suppress in OPAC | No |
| 949 ## - LOCAL PROCESSING INFORMATION (OCLC) | |
| 6 | 273K0137748 |
| a | svkpoA 119938 |
| b | svkpo279659 |
| Stav vyradenia | Strata | Poškodenie | Spôsob nadobudnutia | Domovská knižnica | Aktuálna knižnica | Dátum nadobudnutia | Total checkouts | Čiarový kód exemplára | Date last seen | Typ exemplára |
|---|---|---|---|---|---|---|---|---|---|---|
| Dar | Obecná knižnica Horná Štubňa | Obecná knižnica Horná Štubňa | 06.02.2026 | 4736201026 | 06.02.2026 | Krásna literatúra pre dospelých |
